1853 1229 1047 1788 1060 1275 1768 1263 1361 1411 1353 1223 1313 1126 1747 1361 1008 1853 1885 1377 1637 1789 1188 1628 1730 1614 1527 1443 1719 1836 1073 1064 1788 1138 1557 1617 1168 1598 1458 1906 1264 1270 1356 1631 1283 1540 1663 1439 1520 1122 1093 1269 1145 1617 1093 1791 1041 1148 1775 1473 1246 1414 1616 1359 1430 1212 1221 1784 1349 1971 1924 1800 1823 1364 1727 1654 1849 1882 1921 1601 1724 1874 1294 1312 1059 1086 1044 1949 1835 1464 1149 1535 1186 1463 1658 1458 1876 1326 1990 BCNSPRNW ULIB Ver.6.0+V

เปลี่ยนเป็นภาษาไทย

Change to English
 แสดงรายละเอียดบรรณานุกรม
  กลับหน้าหลัก

Brief Record : Get Marc (ISO 2709) : E-mail record : QR code < ปิดหน้าต่าง
LEADER : 00000nam 2200000uu 4500
001    13399120537
003     ULIB
008    060728s2550 th a 000 0 tha d
040    ^abpy
060 04 ^aWB935^bส695 2550
245 00 ^aเอกสารความรู้ผู้ดำเนินการสปาเพื่อสุขภาพ^b(Spa manager)
246 30 ^aผู้ดำเนินการสปาเพื่อสุขภาพ
246 31 ^aSpa manager
260    ^a[ม.ป.ท. :^bม.ป.พ.],^c2550
300    ^a[5], 194 หน้า :^bภาพประกอบ ;^c30 ซม
500    ^aSend to Single Search
650  4 ^aธุรกิจสปา
650  4 ^aการบำบัดด้วยกลิ่น
650  4 ^aการรักษาด้วยธรรมชาติ
650  4 ^aสปา
650  4 ^aสุขภาพและความงาม
945    ^p0^l0^i14325
945    ^p0^l0^i14326
995    ^aกัณชพร
999    ^aใช้งานได้ทุกระบบ
รายการนี้ยังไม่มีแท็ก
คุณยังไม่ได้ล็อกอิน คุณสามารถมีกิจกรรมร่วมกับเว็บไซต์ได้ แต่ต้องล็อกอินก่อน ::
  ล็อกอิน

รายการสื่อสารสนเทศ

ลำดับที่ ประเภท เลขเรียก/บาร์โค้ด สถานที่ สถานะ
1. วิทยาศาสตร์การแพทย์ และสุขภาพ
วิทยาศาสตร์การแพทย์ และสุขภาพ
WB935 ส695 2550  
  Barcode: 14325
ห้องสมุดวิทยาเขตสวรรค์ประชารักษ์
►ส่วนจัดเก็บหนังสือเก่า สปร
บนชั้น
  ขอยืม
2. วิทยาศาสตร์การแพทย์ และสุขภาพ
วิทยาศาสตร์การแพทย์ และสุขภาพ
WB935 ส695 2550 ฉ.2 
  Barcode: 14326
ห้องสมุดวิทยาเขตสวรรค์ประชารักษ์
►ส่วนจัดเก็บหนังสือเก่า สปร
บนชั้น
  ขอยืม

รายการใกล้เคียง
    หัวเรื่อง [การบำบัดด้วยกลิ่น]
    หัวเรื่อง [การรักษาด้วยธรรมชาติ]
    หัวเรื่อง [สปา]
    หัวเรื่อง [สุขภาพและความงาม]

BibComment


ยังไม่เคยถูกคอมเมนท์

คอมเมนท์ทรัพยากรรายการนี้
  คอมเมนท์: เอกสารความรู้ผู้..


 Copyright 2026. Bcnsprnw @Library